La Responsabilidad Penal de las Personas Jurídicas / (Record no. 3541)

000 -CABECERA
fixed length control field 00939nam a22002177a 4500
003 - IDENTIFICADOR DEL NÚMERO DE CONTROL
control field AR-CdUCM
008 - DATOS DE LONGITUD FIJA--INFORMACIÓN GENERAL
fixed length control field 190306b ||||| |||| 00| 0 spa d
020 ## - NÚMERO INTERNACIONAL ESTÁNDAR DEL LIBRO
ISBN 9972-42-141-4
040 ## - FUENTE DE LA CATALOGACIÓN
Agencia/entidad que catalogó originalmente la obra MUNICIPALIDAD PROVINCIAL DEL CUSCO
Entidad que transcribió la catalogación BIBLIOTECA MUNICIPAL DEL CUSCO
082 ## - NÚMERO DE LA CLASIFICACIÓN DECIMAL DEWEY
No. de Clasificación 344.2 /
Notacion interna M38
100 ## - ENTRADA PRINCIPAL--NOMBRE DE PERSONA
Nombre Personal Meini Méndez, Iván
245 ## - MENCIÓN DE TÍTULO
Título La Responsabilidad Penal de las Personas Jurídicas /
260 ## - PUBLICACIÓN, DISTRIBUCIÓN, ETC.
Lugar de publicación, distribución, etc. Perú :
Nombre de la editorial, distribuidor, etc. Fondo Editorial de la Pontificia Universidad Católica del Perú ,
Fecha de publicación, distribución, etc. 1999.
300 ## - DESCRIPCIÓN FÍSICA
Nº de Páginas Extensión 252 páginas ;
Dimensiones 20.5 cm.
505 ## - NOTA DE CONTENIDO CON FORMATO
Nota de contenido formateada Contenido : Derecho Penal Economico y Persona Juridica -- Cuestiones de índole legal y cuestiones dogmáticas sobre societas delinquere non potest -- Cuestiones de índole politico-criminal sobre el societas delinquere non potest...
650 ## - PUNTO DE ACCESO ADICIONAL DE MATERIA--TÉRMINO DE MATERIA
Descriptor Persona Juridica
9 (RLIN) 11607
650 ## - PUNTO DE ACCESO ADICIONAL DE MATERIA--TÉRMINO DE MATERIA
Descriptor Registros Publicos
9 (RLIN) 11608
650 ## - PUNTO DE ACCESO ADICIONAL DE MATERIA--TÉRMINO DE MATERIA
Descriptor Codigo Penal
9 (RLIN) 11609
942 ## - ELEMENTOS DE PUNTO DE ACCESO ADICIONAL (KOHA)
Fuente de clasificación
Tipo de item Libros-BMC
945 ## - PROCESAMIENTO DE INFORMACIÓN LOCAL (OCLC)
Catalogador rtm
Holdings
Estado de retiro (separado) Fuente de clasificación o esquema de estanterías Estado dañado Ubicación Sala donde se ubica Nombre de la colección Fecha de adquisición o compra Costo, precio normal en soles Signatura topográfica Código de Barras Última vez visto (Koha) Tipo de ítem (Koha) Número de Ejemplar
No     Sala Humanidades Sala Humanidades Book Cart 2019-03-06 15.00 344.2 / M38 SH0000003797 2019-03-06 Libros-BMC  
No     Sala Humanidades Sala Humanidades Book Cart 2019-05-04 15.00 344.2 / M38 / e.2 SH0000011795 2019-05-04 Libros-BMC e.2

Powered by Koha